| 000 | 01238nam a2200313 a 4500 | ||
|---|---|---|---|
| 001 | ebr10495869 | ||
| 003 | CaPaEBR | ||
| 006 | m u | ||
| 007 | cr cn||||||||| | ||
| 008 | 111013s2003 enk sb 000 0 eng d | ||
| 020 | _z9781855759343 | ||
| 020 | _z9781849404150 (e-book) | ||
| 040 |
_aCaPaEBR _cCaPaEBR |
||
| 035 | _a(OCoLC)759160093 | ||
| 050 | 1 | 4 |
_aRJ506.E18 _bU53 2003eb |
| 245 | 0 | 0 |
_aUnderstanding eating difficulties in children _h[electronic resource] / _cedited by Gianna Williams ... [et al.]. |
| 246 | 1 | 4 | _aExploring feeding difficulties in children |
| 260 |
_aLondon : _bKarnac Books, _c2003. |
||
| 300 | _axxiv, 142 p. | ||
| 490 | 0 |
_aGenerosity of acceptance ; _vv. 1 |
|
| 504 | _aIncludes bibliographical references. | ||
| 533 |
_aElectronic reproduction. _bPalo Alto, Calif. : _cebrary, _d2011. _nAvailable via World Wide Web. _nAccess may be limited to ebrary affiliated libraries. |
||
| 650 | 0 | _aEating disorders in children. | |
| 650 | 0 | _aAppetite disorders. | |
| 655 | 7 |
_aElectronic books. _2local |
|
| 700 | 1 | _aWilliams, Gianna. | |
| 710 | 2 | _aebrary, Inc. | |
| 856 | 4 | 0 |
_uhttp://site.ebrary.com/lib/rucke/Doc?id=10495869 _zAn electronic book accessible through the World Wide Web; click to view |
| 999 |
_c131220 _d131220 |
||